00424 2200145 4500001002100000005001700021006001900038008004100057035002600098084002100124100001600145245003300161260004300194300004100237INLIS00000000000196620160516102655.0a ||| | 171130| ||| |  a 0010-051600000000087 a 291.508 SAI P.20 a SALIM SAID00a PROFIL DUNIA FILM INDONESIA a JAKARTA PUSAT b GRAFITI PERS c 1982 a ix,164 hlm b ilus c 21 cm x 14 cm